Quantitative techniques in management / (Record no. 322)

MARC details
000 -LEADER
fixed length control field 00513nam a2200181 4500
001 - CONTROL NUMBER
control field 366
005 - DATE AND TIME OF LATEST TRANSACTION
control field 20181127161413.0
020 00 - INTERNATIONAL STANDARD BOOK NUMBER
International Standard Book Number 9780070146730
090 00 - LOCALLY ASSIGNED LC-TYPE CALL NUMBER (OCLC); LOCAL CALL NUMBER (RLIN)
Classification number (OCLC) (R) ; Classification number, CALL (RLIN) (NR) 658.4033 V888q 2011
100 00 - MAIN ENTRY--PERSONAL NAME
Personal name Vohra, N. D.
245 00 - TITLE STATEMENT
Title Quantitative techniques in management /
Remainder of title
Statement of responsibility, etc. N.C. Vohra
Medium
250 00 - EDITION STATEMENT
Edition statement 4th ed.
260 00 - PUBLICATION, DISTRIBUTION, ETC.
Place of publication, distribution, etc. New Delhi :
Name of publisher, distributor, etc. Tata McGraw Hill,
Date of publication, distribution, etc. 2011.
300 00 - PHYSICAL DESCRIPTION
Extent xvi, 1063 p.
650 00 - SUBJECT ADDED ENTRY--TOPICAL TERM
Topical term or geographic name entry element Decision making --Mathematical models.
General subdivision
Topical term or geographic name entry element Management --Mathematical models.
General subdivision
Topical term or geographic name entry element Management.
General subdivision
Holdings
Withdrawn status Lost status Source of classification or shelving scheme Damaged status Not for loan Collection code Home library Current library Shelving location Serial Enumeration / chronology Inventory number Total Checkouts Full call number Barcode Date last seen Price effective from Koha item type
    Dewey Decimal Classification     Main TEST RTC Library RTC Library Main opac 3999   658.403 VOH 30001989 27/11/2018 27/11/2018 Main
Royal Thimphu College || All Right Reserved